000 00448nam a2200169Ia 4500
003 GCL
008 140319s9999 xx 000 0 ara d
040 _aGCL /
_cGCL
082 0 4 _a230
_bم ت
100 1 _aمحمود الطحان
245 1 0 _aتيسير مصطلح الحديث, ط7 /
_cمحمود الطحان
260 _a[S.N] :
_bمكتبة المعارف
300 _a240 ص
490 _a
650 0 4 _aالحديث
942 _2ddc
_cBK
999 _c34789
_d34789